Letters of four seasons /

Guardado en:
Autor Principal: Ikeda, Daisaku
Otros Autores: Inoue, Yasushi
Formato: Libro
Publicado: Tokyo : Kodansha International, 1980
Materias:
Etiquetas: Agregar Etiqueta
Sin Etiquetas, Sea el primero en etiquetar este registro!
LEADER 00547nam a22001815a 4500
001 EHU.bham023420
003 AR-BHAM
005 20110208131425.0
008 130507s1980##################000#0#####d
082 8 9 |a 895.66 
100 1 |a Ikeda, Daisaku 
245 1 0 |a Letters of four seasons /  |c Daisaku Ikeda , Yasushi Inoue , 
260 |a Tokyo :  |b Kodansha International,  |c 1980 
300 |a 123 p. 
500 |a Trad.: Richard L. Gage 
653 |a Literatura japonesa 
700 1 |a Inoue, Yasushi 
859 |a AR-BHAM  |b BIB. HUMANIDADES - General  |h 895.66  |i IK3  |p 340.84  |t Ej.1